Countries ending in N. - Statistics

General Stats
  • This quiz has been taken 257 times
  • The average score is 19 of 25
Answer Stats
Hint Answer % Correct
Pakistan
92%
Turkmenistan
91%
Afghanistan
90%
Kazakhstan
88%
Tajikistan
87%
Uzbekistan
87%
Kyrgyzstan
83%
Yemen
83%
Oman
82%
Japan
81%
Benin
80%
Iran
80%
Azerbaijan
79%
Bhutan
79%
Sudan
78%
Spain
76%
Sweden
76%
South Sudan
74%
Jordan
73%
Bahrain
72%
Lebanon
71%
Taiwan
67%
Gabon
65%
Cameroon
60%
Liechtenstein
54%
No matching quizzes found
Score Distribution
Percent of People with Each Score
Percentile by Number Answered
Your Score History
You have not taken this quiz